| 000 | 00604nam a22001937a 4500 | ||
|---|---|---|---|
| 003 | OSt | ||
| 005 | 20130515132958.0 | ||
| 008 | 130515s1997 sp ||||| |||| 00| 0 spa d | ||
| 020 | _a8431314885 | ||
| 040 | _cCDMR | ||
| 100 | 1 |
_93438 _aZorrilla Ruiz, Jesús |
|
| 245 | 1 | 0 |
_aIntroducción al diseño periodístico _cJesús Zorrilla Ruiz |
| 260 |
_aPamplona _bEdiciones Universidad de Navarra _cDL 1997 |
||
| 300 | _a121 p. | ||
| 490 | 0 |
_aEUNSA Comunicación _aManuales _v26 |
|
| 650 | 0 | 4 |
_91840 _aDiaris _xDisseny |
| 650 | 0 | 4 |
_93098 _aDiaris _vManuals, guies, etc. _xCompaginació i composició |
| 942 |
_2udc _cMON |
||
| 999 |
_c6266 _d6266 |
||